ბათუმის შოთა რუსთაველის სახელმწიფო უნივერსიტეტის ბიბლიოთეკა

ქართულ - სომხური ლექსიკონი / (ბიბ.ჩანაწერი № 51404)

000 -ლიდერი
ფიქსირებული სიგრძის საკონტროლო ველი 00787nam a2200205Ia 4500
001 - საკონტროლო ნომერი
საკონტროლო ველი 18389
003 - საკონტროლო ნომრის იდენტიფიკატორი
საკონტროლო ველი GE_BSU
005 - ბოლო ოპერაციის თარიღი და დრო
საკონტროლო ველი 20210706132107.0
008 - ფიქსირებული სიგრძის მონაცემთა ელემენტები - ზოგადი ინფორმაცია
ფიქსირებული სიგრძის საკონტროლო ველი 181216s2006||||ge |||||||||||||| ||geo||
040 ## - კატალოგიზაციის წყარო
Transcribing agency GE_BSU
041 ## - ენის კოდი
Language code of text/sound track or separate title geo
080 ## - უნივერსალური ათობითი კლასიფიკაციის ინდექსი
Universal Decimal Classification number 81'374.822=353.1=19 მ-99
100 ## - მთავარი ჩანაწერი - პიროვნების სახელი
Personal name მხითარიანი,ზ.
9 (RLIN) 12197
245 ## - ცნობა სათაურის შესახებ
Title ქართულ - სომხური ლექსიკონი /
Statement of responsibility, etc ზ. მხითარიანი; რედ. კ. გაბუნია.
264 ## - წარმოების, გამოცემის, დისტრიბუციის და სხვა ცნობები
გამოცემის, წარმოების, დისტრიბუციის... ადგილი თბილისი :
გამოცემის, წარმოების, დისტრიბუციის... სახელწოდება საიმედო,
გამოცემის, წარმოების, დისტრიბუციის... თარიღი 2006.
300 ## - ფიზიკური აღწერა
Extent 494 გვ.,
Other physical details 20 სმ.
653 ## - INDEX TERM--UNCONTROLLED
Uncontrolled term ქართულ - სომხურ ლექსიკონი
700 ## - ADDED ENTRY--PERSONAL NAME
Personal name გაბუნია, კ.
Relator term რედაქტორი
9 (RLIN) 12198
942 ## - ADDED ENTRY ELEMENTS (KOHA)
Koha item type წიგნი
Source of classification or shelving scheme
ეგზემპლარები
ჩამოწერის სტატუსი დაკარგული ეგზემპლარის სტატუსი კლასიფიკაციის წყარო ან თაროზე გაწყობის სქემა დაზიანების სტატუსი არ გაიცემა მუდმივი მდებარეობა (დაცვის ადგილი) ამჟამინდელი ადგილსამყოფელი თაროზე განთავსების ადგილი შეძენის თარიღი ღირებულება, შესყიდვის ნორმალური ფასი სრული შენახვის შიფრი შტრიხკოდი ბოლო ოპერაციის თარიღი ეგზემპლარის მიმდევრობითი ნომერი (კეტერი?) ფასის ძალაში შესვლის თარიღი ეგზემპლარის სახეობა საჯარო შენიშვნა
          ბათუმის შოთა რუსთაველის სახელმწიფო უნივერსიტეტის მთავარი ბიბლიოთეკა ბათუმის შოთა რუსთაველის სახელმწიფო უნივერსიტეტის მთავარი ბიბლიოთეკა წიგნსაცავი 2018-12-17 28.00 81'374.822=353.1=19 მ-99 47118 2018-12-17 47118 2018-12-17 წიგნი 28 ლ.
          ბათუმის შოთა რუსთაველის სახელმწიფო უნივერსიტეტის მთავარი ბიბლიოთეკა ბათუმის შოთა რუსთაველის სახელმწიფო უნივერსიტეტის მთავარი ბიბლიოთეკა წიგნსაცავი 2018-12-17 28.00 81'374.822=353.1=19 მ-99 47119 2018-12-17 47119 2018-12-17 წიგნი 28 ლ.
          ბათუმის შოთა რუსთაველის სახელმწიფო უნივერსიტეტის მთავარი ბიბლიოთეკა ბათუმის შოთა რუსთაველის სახელმწიფო უნივერსიტეტის მთავარი ბიბლიოთეკა წიგნსაცავი 2018-12-17 28.00 81'374.822=353.1=19 მ-99 47120 2018-12-17 47120 2018-12-17 წიგნი 28 ლ.
          ბათუმის შოთა რუსთაველის სახელმწიფო უნივერსიტეტის მთავარი ბიბლიოთეკა ბათუმის შოთა რუსთაველის სახელმწიფო უნივერსიტეტის მთავარი ბიბლიოთეკა წიგნსაცავი 2018-12-17 28.00 81'374.822=353.1=19 მ-99 47121 2018-12-17 47121 2018-12-17 წიგნი 28 ლ.
          ბათუმის შოთა რუსთაველის სახელმწიფო უნივერსიტეტის მთავარი ბიბლიოთეკა ბათუმის შოთა რუსთაველის სახელმწიფო უნივერსიტეტის მთავარი ბიბლიოთეკა წიგნსაცავი 2018-12-17 28.00 81'374.822=353.1=19 მ-99 47122 2018-12-17 47122 2018-12-17 წიგნი 28 ლ.